000 00537nam a2200181Ia 4500
008 100920s9999 xx 000 0 und d
082 _b83894
_a51 न 02
100 _aपोतदार मधू.
245 _aवसंतवीणा.
260 _bमंजुल प्रकाशन, पुणे.
_c2002
300 _a382
_bसाधी
365 _b300
520 _aचरित्र.
630 _aवसंतवीणा.
650 _aचरित्र.
730 _aवसंतवीणा.
942 _cBOOK
999 _c724496
_d724493